| 000 | 00806nam a2200265Ia 4500 | ||
|---|---|---|---|
| 003 | GCL | ||
| 008 | 140319s9999 xx 000 0 ara d | ||
| 040 |
_aGCL / _cGCL |
||
| 082 | 0 | 4 |
_aط _b602 _bم ل |
| 100 | 1 | _aمكتبة لبنان | |
| 245 | 1 | 0 |
_aفصة الدراجة / _cمكتبة لبنان |
| 260 |
_a[S.N] : _bمكتبة لبنان |
||
| 300 | _aمتعدد | ||
| 490 |
_aسلسلة ليديبرد(الانجازات الحضارية) _v0 |
||
| 650 | 0 | 4 | _aالسيارات |
| 650 | 0 | 4 | _aتاريخ |
| 650 | 0 | 4 | _aالاطفال |
| 650 | 0 | 4 | _aالتكنولوجيا |
| 650 | 0 | 4 | _aالالات |
| 650 | 0 | 4 | _aالطاقة النووية |
| 650 | 0 | 4 | _aالاختراعات |
| 650 | 0 | 4 | _aالاختراعات العلمية |
| 650 | 0 | 4 | _aالمفاعلات الذرية |
| 942 |
_2ddc _cBK |
||
| 999 |
_c32762 _d32762 |
||